000
00256nam a2200121Ia 4500
008
190216s9999||||xx |||||||||||||| ||und||
100
_a
Vivekiray
245
0
_a
Hindi-Adhidhi
260
_b
Anil Prakashan
300
_a
134
650
_a
Hindi
942
_c
BK
999
_c
16312
_d
16312